000 004030000a22001090004500
090 _aAS
_bSeriadas
245 1 0 _aInforme sobre reptiles colombianos, III: investigaciones sobre la anatomía craneal: distribución geográfica y ecología de Crocodylus intermedius (<Graves>)
041 0 _aEspañol
100 1 _aMedem M., Federico
_912267
942 _cARTICULO
773 1 _tCaldasia
_345
_h37
_q175-215
_d1958
_g8
999 _c14695
_d14695